000
00256nam a22001217a 4500
008
181101b xxu||||| |||| 00| 0 eng d
041
_a
eng
080
_2
3rd
_a
611
100
_a
6
101
_a
ANA
245
_a
Physiology
_c
Selkurt,E.E
942
_2
udc
_c
BK
999
_c
51521
_d
51521